Η αναγέννηση της μεσογειακής χλωρίδας στο Απολιθωμένο Δάσος της Λέσβου : πτυχιακή εργασία
Αποθηκεύτηκε σε:
| Κύριος συγγραφέας: | |
|---|---|
| Συγγραφή απο Οργανισμό/Αρχή: | |
| Μορφή: | Thesis Βιβλίο |
| Γλώσσα: | Greek |
| Δημοσίευση: |
1994.
|
| Θέματα: | |
| Διαθέσιμο Online: | http://hdl.handle.net/11610/9880 |
| Ετικέτες: |
Προσθήκη ετικέτας
Δεν υπάρχουν, Καταχωρήστε ετικέτα πρώτοι!
|
MARC
| LEADER | 00000cam a2200000 i 4500 | ||
|---|---|---|---|
| 001 | 1/4564 | ||
| 008 | 000530s1994 gre d | ||
| 035 | |l 10061248 | ||
| 040 | |a GR-MY-UA |b gre |e aacr | ||
| 041 | 0 | |a gre | |
| 082 | 0 | |a 581.738 |2 (22) | |
| 100 | 1 | |a Μπουζούκης, Βασίλης. | |
| 245 | 1 | 2 | |a Η αναγέννηση της μεσογειακής χλωρίδας στο Απολιθωμένο Δάσος της Λέσβου : |b πτυχιακή εργασία / |c Μπουζούκης Βασίλης ; υπεύθυνος καθ. Ν. Σ. Μάργαρης. |
| 260 | |c 1994. | ||
| 300 | |a [χ.α.] : |b πιν., σχ., χάρτες ; |c 30 εκ. | ||
| 502 | |a Πτυχιακή εργασία - Πανεπιστήμιο Αιγαίου, Λέσβος, 1994. | ||
| 504 | |a Περιέχει βιβλιογραφία. | ||
| 650 | 0 | 0 | |a Mediterranean-type plants |x Growth. |
| 650 | 0 | 0 | |a Mediterranean-type plants |x Regeneration. |
| 650 | 0 | |a Mediterranean-type ecosystems |z Greece |z Lesbos (Municipality) | |
| 650 | 0 | 0 | |a Petrified forests |z Greece |z Lesbos (Municipality) |
| 650 | 0 | 0 | |a Dissertations, Academic |z Greece. |
| 700 | 1 | |a Μάργαρης, Νίκος Σ., |d 1943-2013, |e dgs | |
| 710 | 2 | |a Πανεπιστήμιο Αιγαίου. |b Σχολή Περιβάλλοντος. |b Τμήμα Περιβάλλοντος. | |
| 852 | |a INST |b LESVOS |c DIATR |e 20000530 |h 177 |p 005100026150 |q 005100026150 |t DIE |y 23 | ||
| 852 | |a INST |b LESVOS |c DIATR |e 20000530 |h 178 |p 005100026151 |q 005100026151 |t DIE |y 23 | ||
| 856 | |u http://hdl.handle.net/11610/9880 | ||
| 901 | |a BIBL1-2000-2 | ||
| 909 | |a Λ |b 079003 | ||
| 909 | |a Λ |b 079002 | ||
| 924 | |a ΜΠΟΥΖΟΥΚΗΣ |b ΒΑΣΙΛΗΣ |y ΛΕΣΒΟΣ |z 1994-12 | ||
| 970 | |a ΑΙΒΑΤΖΙΔΟΥ |b ΕΛΕΝΗ |z 2000/05/30 | ||